Top 10 U.S. States by Category - Statistics

General Stats
  • This quiz has been taken 32,913 times
  • The average score is 10 of 16
Answer Stats
Hint Answer % Correct
Highest population California | Texas | Florida | New York | Pennsylvania | Illinois | Ohio | Georgia | North Carolina | Michigan
100%
Largest land area Alaska | Texas | California | Montana | New Mexico | Arizona | Nevada | Colorado | Wyoming | Oregon
99%
Lowest population Wyoming | Vermont | Alaska | North Dakota | South Dakota | Delaware | Rhode Island | Montana | Maine | New Hampshire
97%
Highest median household income (2022) New Jersey | Maryland | Massachusetts | Hawaii | California | Washington | New Hampshire | Colorado | Utah | Connecticut
88%
Highest percentage of farmland Nebraska | South Dakota | North Dakota | Kansas | Iowa | Oklahoma | Texas | Illinois | Missouri | Indiana
86%
Highest average elevation Colorado | Wyoming | Utah | New Mexico | Nevada | Idaho | Arizona | Montana | Oregon | Hawaii
63%
Highest percent African-American Mississippi | Georgia | Louisiana | Maryland | Alabama | South Carolina | Delaware | North Carolina | Virginia | Florida
60%
Greatest number of venomous snake species Arizona | Texas | Alabama | California | Georgia | New Mexico | Oklahoma | Mississippi South Carolina | Missouri
58%
Highest percent Native American
* does NOT count native Hawaiians
Alaska | Oklahoma | New Mexico | South Dakota | Montana | North Dakota | Arizona | Wyoming | Oregon | Washington
56%
Most average precipitation Louisiana | Mississippi | Alabama | Tennessee | Florida | Arkansas | North Carolina | Georgia | Kentucky | Rhode Island
53%
Highest population density New Jersey | Rhode Island | Massachusetts | Connecticut | Maryland | Delaware | New York | Florida | Pennsylvania | Ohio
46%
Fastest growing population (1960–2003) Nevada | Arizona | Florida | Utah | Colorado | Alaska | Texas | Idaho | Georgia | Washington
42%
Highest percentage of Trump voters in 2024 Wyoming | West Virginia | North Dakota | Idaho | Oklahoma | Alabama | Kentucky | Arkansas | Tennessee | South Dakota
40%
Lowest obesity (2023) Colorado | Hawaii | Massachusetts | California | New York | Vermont | New Jersey | Connecticut | Florida | Utah
31%
Highest percentage of people with German ancestry (2021) Wisconsin | North Dakota | South Dakota | Nebraska | Iowa | Minnesota | Montana | Kansas | Ohio | Missouri
29%
Most NFL football players per capita (2024, active players only) Mississippi | Louisiana | Georgia | Alabama | Hawaii | Florida | South Carolina | Maryland | North Carolina | Ohio
23%
No matching quizzes found
Score Distribution
Percent of People with Each Score
Percentile by Number Answered
Your Score History
You have not taken this quiz